Times por Escudo - Brasileirão Serie A 2023 - Statistics

Estatísticas Gerais
  • Esse quiz foi jogado 666 vezes
  • A pontuação média é 18 de 20
Estatísticas das Respostas
Imagem Resposta % Correto
Fluminense
99%
Grêmio
93%
São Paulo
93%
Palmeiras
92%
Vasco
92%
Bahia
91%
Botafogo
91%
Atlético MG
89%
Cuiabá
89%
Internacional
89%
Corinthians
87%
Coritiba
86%
Fortaleza
86%
Flamengo
85%
Goiás
85%
Bragantino
83%
Cruzeiro
82%
Santos
82%
Athletico PR
80%
América
78%
Nenhum quiz correspondente encontrado
Distribuição das Pontuações
Porcentagem de Pessoas com Cada Pontuação
Percentil de Números Respondidos
Sua Pontuação Histórica
Você não jogou esse quiz